| 000 | 00382nam a22001577a 4500 | ||
|---|---|---|---|
| 003 | OSt | ||
| 008 | 250116b |||||||| |||| 00| 0 eng d | ||
| 041 | _aeng | ||
| 082 |
_a621.381 _bFAR/BA |
||
| 100 |
_aFaruqui, MN _96949 |
||
| 245 | _aBasic Electronics | ||
| 260 |
_aNew Delhi: _bOxford & IBH Publishing Co, _c1985. |
||
| 300 | _a493p. | ||
| 700 |
_aMaskara, SL _96950 |
||
| 942 | _cBK | ||
| 999 |
_c19039 _d19039 |
||